Mein Onkel Franz
Gorde:
| Egile nagusia: | |
|---|---|
| Formatua: | Liburua |
| Hizkuntza: | Undetermined |
| Argitaratua: |
Dinamarca
Atrium Verlag
1969
|
| Gaiak: | |
| Etiketak: |
Etiketa erantsi
Etiketarik gabe, Izan zaitez lehena erregistro honi etiketa jartzen!
|
MARC
| LEADER | 00000nam a2200000Ia 4500 | ||
|---|---|---|---|
| 008 | 170316s9999 xx 000 0 und d | ||
| 040 | |a cru BVZT | ||
| 090 | |a 830 K-4m | ||
| 100 | |a Kästner, Erich | ||
| 245 | |a Mein Onkel Franz | ||
| 260 | |a Dinamarca | ||
| 260 | |b Atrium Verlag | ||
| 260 | |c 1969 | ||
| 300 | |a 57 páginas | ||
| 650 | |a LITERATURA ALEMANA | ||
| 999 | |c 7381 |d 7381 | ||
| 942 | |c 15 D |h 830 K-4m |2 z | ||
